| 000 | 00464nam a22001337a 4500 | ||
|---|---|---|---|
| 082 | _a200 THE | ||
| 100 |
_aSAD REHMAN KHATTAK _969400 |
||
| 245 | _aTH-SOF-1579-EEG Signal Classification using RBF Neural Network Trained with Improved PSO Algorithm for Epilepsy Identification | ||
| 260 |
_aISLAMABAD _bNUST COLLEGE OF EME _c2018 |
||
| 300 | _bCD | ||
| 650 |
_aMS-COMPUTER ENGINEERING-81 MSTHESIS _969401 |
||
| 700 |
_aAdvisor Dr. ALI HASSAN _969402 |
||
| 942 | _cCF | ||
| 999 |
_c576700 _d576700 |
||